| 000 | 00653nam a2200193 i 4500 | ||
|---|---|---|---|
| 001 | 146763 | ||
| 003 | ES-MaACL | ||
| 007 | t| | ||
| 008 | 070917s1985 sp ||||1| spa d | ||
| 020 | _a84-86314-18-6 | ||
| 100 | 1 |
_aTrives, Eduardo. _9111463 |
|
| 245 | 1 | 0 |
_aEn el esplendor del verano _b: novela / _cEduardo Trives. |
| 260 |
_aAlicante : _bCaja de Ahorros Provincial, _c1985. |
||
| 300 |
_a226 p. ; _c22 cm. |
||
| 490 | 1 |
_aPublicaciones de la Caja de Ahorros Provincial ; _v125 |
|
| 830 | 0 | 0 |
_aPublicaciones de la Caja de Ahorros Provincial de Alicante _v125 _9186986 |
| 852 |
_aES-MaACL _jL-9836 _bR.110876 |
||
| 999 |
_c146763 _d146763 |
||